Constituants et propriétés du sol / (Record no. 13606)
[ view plain ]
| 000 -LEADER | |
|---|---|
| fixed length control field | 00501cam a2200193 i 4500 |
| 020 ## - INTERNATIONAL STANDARD BOOK NUMBER | |
| ISBN | 2225629315 : |
| 040 ## - CATALOGING SOURCE | |
| Transcribing agency | DLC |
| 082 00 - DEWEY DECIMAL CLASSIFICATION NUMBER | |
| Classification number | 631 MAS 1979 A047 Or. |
| 100 1# - MAIN ENTRY--AUTHOR NAME | |
| Personal name | Bonneau, Maurice. |
| 245 10 - TITLE STATEMENT | |
| Title | Constituants et propriétés du sol / |
| 260 ## - PUBLICATION, DISTRIBUTION, ETC. (IMPRINT) | |
| Place of publication | Paris ; |
| -- | New York : |
| Name of publisher | Masson, |
| Year of publication | 1979. |
| 300 ## - PHYSICAL DESCRIPTION | |
| Number of Pages | xviii, 459 p. : |
| Other physical details | ill., graphs ; |
| Dimensions | 25 cm. |
| 490 1# - SERIES STATEMENT | |
| Series statement | Pédologie ; 2 |
| 650 #0 - SUBJECT ADDED ENTRY--TOPICAL TERM | |
| Topical Term | Soils |
| 650 #0 - SUBJECT ADDED ENTRY--TOPICAL TERM | |
| Topical Term | Soil chemistry. |
| 650 #0 - SUBJECT ADDED ENTRY--TOPICAL TERM | |
| Topical Term | Soil physics. |
| 700 1# - ADDED ENTRY--PERSONAL NAME | |
| Personal name | Souchier, B. |
| 942 ## - ADDED ENTRY ELEMENTS (KOHA) | |
| Koha item type | សៀវភៅភាសាបារាំង |
| 952 ## - LOCATION AND ITEM INFORMATION (KOHA) | |
| Withdrawn status [LOCAL, KOHA] | 0 |
| Permanent Location | Date acquired | Koha item type | Lost status | Shelving location | Barcode | Current Location | Full call number |
|---|---|---|---|---|---|---|---|
| Library Block A | 2017-08-29 | សៀវភៅភាសាបារាំង | A047 | A19831 | Library Block A | 631 MAS 1979 A047 Or. |